LEADER 04923nam 2200649Ia 450 001 9910131043103321 005 20170816125850.0 010 $a1-4443-4775-6 010 $a1-283-40695-0 010 $a9786613406958 010 $a1-4443-1943-4 010 $a1-4443-1944-2 035 $a(CKB)3460000000003409 035 $a(EBL)792634 035 $a(SSID)ssj0000477000 035 $a(PQKBManifestationID)11305773 035 $a(PQKBTitleCode)TC0000477000 035 $a(PQKBWorkID)10502256 035 $a(PQKB)10385554 035 $a(MiAaPQ)EBC792634 035 $a(PPN)221069089 035 $a(OCoLC)729724646 035 $a(EXLCZ)993460000000003409 100 $a20090327d2011 uy 0 101 0 $aeng 135 $aur|n|---||||| 181 $ctxt 182 $cc 183 $acr 200 00$aInterventional cardiology$b[electronic resource] $eprinciples and practice /$fedited by Carlo Di Mario, George D. Dangas, Peter Barlis 210 $aChichester, West Sussex ;$aHoboken, NJ $cWiley-Blackwell$d2011 215 $a1 online resource (594 p.) 300 $aDescription based upon print version of record. 311 $a1-4051-7887-6 320 $aincludes bibliographical references and index. 327 $aInterventional Cardiology: Principles and Practice; Contents; Contributors; Acknowledgements; Foreword By Patrick W. Serruys; Foreword By Martin B. Leon; Preface; PART I: Principles and Techniques; CHAPTER 1: Interventional Cardiology Training; CHAPTER 2: Atherogenesis and Inflammation; CHAPTER 3: The Essentials of Vascular Access and Closure; CHAPTER 4: Optimal Angiographic Views for Coronary Angioplasty; CHAPTER 5: Material Selection; CHAPTER 6: Physiologic Assessment in the Cardiac Catheterization Laboratory; CHAPTER 7: Quantitative Coronary and Vascular Angiography 327 $aPART II: Interventional PharmacologyCHAPTER 8: Oral Antiplatelet Agents in PCI; CHAPTER 9: Heparin, LMWH, GIIb/IIIa , and Direct Thrombin Inhibitors; PART III: Complementary Imaging Techniques; CHAPTER 10: Intravascular Ultrasound: Principles, Image Interpretation, and Clinical Applications; CHAPTER 11: Principles of Intra-coronary Optical Coherence Tomography; CHAPTER 12: Multislice Computed Tomography of Coronary Arteries; CHAPTER 13: Cardiac Magnetic Resonance Imaging; PART IV: Indications in Acute and Chronic Syndromes; CHAPTER 14: Stable Angina 327 $aCHAPTER 15: Indications in Acute Coronary Syndromes Without ST Elevation (NSTE-ACS)CHAPTER 16: Primary and Rescue PCI in Acute Myocardial Infarction; PART V: Approaching Complex Coronary Interventions; CHAPTER 17: Chronic Total Coronary Occlusion; CHAPTER 18: Percutaneous Coronary Intervention in Unprotected Left Main; CHAPTER 19: Bifurcation Lesions; CHAPTER 20: Approach to Multivessel Coronary Artery Disease; PART VI: Interventional Techniques; CHAPTER 21: Rotational Atherectomy; CHAPTER 22: Thrombectomy and Embolic Protection; CHAPTER 23: Carotid Artery Angioplasty and Stenting 327 $aCHAPTER 24: Aortic Valve Disease InterventionsCHAPTER 25: Transseptal Puncture; CHAPTER 26: Alcohol Septal Ablation for Hypertrophic Obstructive Cardiomyopathy; CHAPTER 27: Cell Therapy; PART VII: Complications; CHAPTER 28: No Reflow; CHAPTER 29: The Management of Cardiogenic Shock; CHAPTER 30: In-stent Restenosis in the DES Era; CHAPTER 31: Renal Insufficiency and the Impact of Contrast Agents; CHAPTER 32: Coronary Artery Dissection and Perforation; PART VIII: Clinical Trials; CHAPTER 33: Statistical Essentials in the Design and Analysis of Clinical Trials 327 $aCHAPTER 34: Sirolimus and Paclitaxel Eluting Stent Clinical StudiesCHAPTER 35: Zotarolimus Eluting Stent Clinical Studies; CHAPTER 36: Everolimus Eluting Coronary Stents: Clinical Trials; CHAPTER 37: Novel Drug Eluting Stent Systems; Index 330 $aThis new volume offers a balanced and current presentation of the key topics that form the cornerstone of an Interventional Cardiology training program. Globally recognized editors and contributors draw on their years of experience to provide practical information emphasizing the basics of material selection and optimal angiographic setup for purposes of the interventional procedure. Comprehensive chapters address the different techniques of approaching complex coronary lesions such as chronic occlusions, bifurcations, and unprotected left main lesions. 606 $aCoronary heart disease$xSurgery 606 $aCardiology 615 0$aCoronary heart disease$xSurgery. 615 0$aCardiology. 676 $a617.4/12 676 $a617.412 701 $aBarlis$b Peter$0958407 701 $aDangas$b George D$0958408 701 $aDi Mario$b Carlo$0958409 801 0$bMiAaPQ 801 1$bMiAaPQ 801 2$bMiAaPQ 906 $aBOOK 912 $a9910131043103321 996 $aInterventional cardiology$92171465 997 $aUNINA